Sports Quiz

Random Sports or Rugby Quiz

Rugby League Team of the Century Quiz Stats

 Plays Quiz not verified by Sporcle

Challenge
Share
Tweet
Embed
Score 0/18 Timer 06:00
0 Plays Today
Club Player % Correct
HalfbackAndrew Johns
92.5%
Five-EighthWally Lewis
82.3%
CentreMal Meninga
69%
CentreReg Gasnier
63.3%
PropArthur Beetson
56.1%
FullbackClive Churchill
54.1%
LockJohn Raper
42.2%
CoachJack Gibson
41.2%
ReserveGraeme Langlands
38.8%
Club Player % Correct
WingKen Irvine
38.1%
ReserveBob Fulton
37.4%
Second RowNorm Provan
35.7%
ReserveDally Messenger
33%
Second RowRon Coote
24.8%
HookerNoel Kelly
21.4%
ReserveFrank Burge
19.4%
WingBrian Bevan
17.3%
PropDuncan Hall
14.3%

You're not logged in!

Compare scores with friends on all Sporcle quizzes.
Join for Free
OR
Log In

You Might Also Like...

Show Comments

Extras

Top Quizzes Today


Score Distribution

Your Account Isn't Verified!

In order to create a playlist on Sporcle, you need to verify the email address you used during registration. Go to your Sporcle Settings to finish the process.

Report this User

Report this user for behavior that violates our Community Guidelines.

Details: